| 000 | 01964nam a2200373 i 4500 | ||
|---|---|---|---|
| 003 | DO-SdBNP | ||
| 005 | 20250116073946.0 | ||
| 006 | a||||gr|||| 00| 0 | ||
| 007 | ta | ||
| 008 | 240812e1999 dr ahcg| |||| 00| m spa d | ||
| 040 |
_aDO-SdBNP _bspa _cBNPHU _erda |
||
| 082 | 4 |
_222 _bI16a |
|
| 100 | 1 |
_aIncháustegui Cabral, Héctor, _d1912-1979 _921024 _eautor |
|
| 245 | 1 | 0 |
_aAcercamiento al Himno Nacional Dominicano : _bsinopsis didáctica / _cTextos, diseño y realización Arístides Incháustegui, Blanca Delgado Malagón; prólogo,Roberto B. Saladín Selin; reproducción fotográfica: Leonel Castillo. |
| 250 | _aTercera edición | ||
| 264 | 1 |
_aSanto Domingo : _bBareservas, _c1999 |
|
| 300 |
_a39 páginas : _bilustraciones, facsímil., música ; _c27 cm. |
||
| 336 |
_2rdacontent _atexto _btxt |
||
| 337 |
_2rdamedia _asin mediación _bn |
||
| 338 |
_2rdacarrier _avolumen _bnc |
||
| 500 | _aIlustración de la portada: Facsímil de la primera edición oficial del Himno Nacioneal Dominicano. | ||
| 500 | _aIncluye bibliografía y notas al pie de páginas. | ||
| 505 | 0 |
_aPalabras / _rRoberto B. Saladín Selin.-- _tHimno Nacional.-- _tHimno Nacional Dominicano.-- Texto oficial. -- Glosario mínimo. -- Lectura literal y comprensiva. -- Partitura oficial. -- Breves datos biográficos de los autores.-- José Rufino Reyes Siancas. -- Emilio Prud´homme Maduro. -- _tBibliografía consultada. -- _tAnexo. |
|
| 590 | _aInventariado 2024 / MF | ||
| 650 | 4 |
_aHimnos Patrióticos Dominicano _92512 |
|
| 650 | 4 |
_aNacionalismo en La Música _956451 |
|
| 650 | 4 |
_aMúsica Nacional _956450 |
|
| 700 | 1 | 4 |
_aDelgado Malagón, Blanca, _922928 _eautora |
| 700 | 4 |
_aSaladín Selin, Roberto B., _d1936- _96281 |
|
| 700 | 1 | 4 |
_aCastillo, Leonel, _985657 _efotografía |
| 710 | 1 |
_aRepública Dominicana. _bSecretaría de Estado de Educación, Bellas Artes y Cultos _923965 |
|
| 830 | 0 |
_nPublicaciones del Banco Central de la República Dominicana _986306 |
|
| 942 |
_2ddc _cLF2 |
||
| 999 |
_c57405 _d57405 |
||